|
|
|
|
| LEADER |
00000cam a22000004a 4500 |
| 001 |
musev2_71137 |
| 003 |
MdBmJHUP |
| 005 |
20230905051329.0 |
| 006 |
m o d |
| 007 |
cr||||||||nn|n |
| 008 |
100802s2006 ncu o 00 0 eng d |
| 020 |
|
|
|a 9780822388050
|
| 020 |
|
|
|z 9780822336204
|
| 020 |
|
|
|z 9780822336310
|
| 035 |
|
|
|a (OCoLC)1141513967
|
| 040 |
|
|
|a MdBmJHUP
|c MdBmJHUP
|
| 100 |
1 |
|
|a Weidman, Amanda J.,
|d 1970-
|e author.
|
| 245 |
1 |
0 |
|a Singing the Classical, Voicing the Modern :
|b The Postcolonial Politics of Music in South India /
|c Amanda J. Weidman.
|
| 264 |
|
1 |
|a Durham :
|b Duke University Press,
|c 2006.
|
| 264 |
|
3 |
|a Baltimore, Md. :
|b Project MUSE,
|c 2020
|
| 264 |
|
4 |
|c ©2006.
|
| 300 |
|
|
|a 1 online resource (368 pages):
|b illustrations
|
| 336 |
|
|
|a text
|b txt
|2 rdacontent
|
| 337 |
|
|
|a computer
|b c
|2 rdamedia
|
| 338 |
|
|
|a online resource
|b cr
|2 rdacarrier
|
| 505 |
0 |
|
|a Gone native? Travels of the violin in South India -- From the palace to the street : staging "classical" music -- Gender and the politics of voice -- Can the subaltern sing? music, language, and the politics of voices -- A writing lesson : musicology and the birth of the composer -- Fantastic fidelities -- Afterword : modernity and the voice.
|
| 520 |
8 |
|
|a An ethnographic history and critique of the emergence of South Indian carnatic music as a "classical" music in the 20th century.
|
| 546 |
|
|
|a English.
|
| 588 |
|
|
|a Description based on print version record.
|
| 650 |
1 |
7 |
|a Karnatic music.
|2 gtt
|0 (NL-LeOCL)142769886
|
| 650 |
|
7 |
|a Musik
|2 gnd
|
| 650 |
|
7 |
|a Notenschrift
|2 gnd
|
| 650 |
|
7 |
|a Volksmusik
|2 gnd
|
| 650 |
|
7 |
|a Rezeption
|2 gnd
|
| 650 |
|
7 |
|a Klassische Musik
|2 gnd
|
| 650 |
|
7 |
|a Politics and culture.
|2 fast
|0 (OCoLC)fst01069952
|
| 650 |
|
7 |
|a Music
|x Social aspects.
|2 fast
|0 (OCoLC)fst01030444
|
| 650 |
|
7 |
|a Music
|2 fast
|0 (OCoLC)fst01030269
|
| 650 |
|
7 |
|a MUSIC
|x Ethnic.
|2 bisacsh
|
| 650 |
|
7 |
|a MUSIC
|x Genres & Styles
|x International.
|2 bisacsh
|
| 650 |
|
7 |
|a 24.70 ethnomusicology.
|0 (NL-LeOCL)077601602
|2 bcl
|
| 650 |
|
6 |
|a Politique et culture
|z Inde (Sud)
|
| 650 |
|
6 |
|a Musique
|x Aspect social
|z Inde (Sud)
|
| 650 |
|
6 |
|a Musique
|z Inde (Sud)
|x Histoire et critique.
|
| 650 |
|
0 |
|a Politics and culture
|z India, South.
|
| 650 |
|
0 |
|a Music
|x Social aspects
|z India, South.
|
| 650 |
|
0 |
|a Music
|z India, South
|x History and criticism.
|
| 651 |
|
7 |
|a India.
|2 gtt
|0 (NL-LeOCL)078543428
|
| 651 |
|
7 |
|a Indien
|z Süd
|2 gnd
|
| 651 |
|
7 |
|a South India.
|2 fast
|0 (OCoLC)fst01692635
|
| 655 |
|
7 |
|a Criticism, interpretation, etc.
|2 fast
|0 (OCoLC)fst01411635
|
| 655 |
|
7 |
|a Electronic books.
|2 local
|
| 710 |
2 |
|
|a Project Muse.
|e distributor
|
| 830 |
|
0 |
|a Book collections on Project MUSE.
|
| 856 |
4 |
0 |
|z Texto completo
|u https://projectmuse.uam.elogim.com/book/71137/
|
| 945 |
|
|
|a Project MUSE - Custom Collection
|